000 00988nam a2200217 i 4500
001 104625
003 ES-MaACL
005 20230906183642.0
007 t|
008 180530s1914 sp ||||1| spa d
100 1 _aVega del Sella, Ricardo
_cDuque de Estrada y Martínez de Morentín, Conde de la Vega del Sella.
_9164836
245 1 3 _aLa cueva del Penicial (Asturias) /
_cpor el Conde de la Vega del Sella.
260 _aMadrid :
_bMuseo de Ciencias Naturales,
_c1914.
300 _a17 p., III lám. :
_bil. ;
_c27 cm.
490 1 _aTrabajos de la Comisión de Investigaciones Paleontológicas y Prehistóricas ;
_v4
594 _aPrecede al tít.: Junta para Ampliación de Estudios e Investigaciones Científicas, Instituto Ciencias Físico-Naturales.
651 4 _aCueva del Penicial (Asturias)
_9164839
830 0 _aTrabajos de la Comisión de Investigaciones Paleontológicas y Prehistóricas ;
_v4
_9184854
852 _aES-MaACL
_jB-12999(3)
999 _c104625
_d104625